<?xml version="1.0" encoding="UTF-8"?>
<record
    xmlns:xsi="http://www.w3.org/2001/XMLSchema-instance"
    xsi:schemaLocation="http://www.loc.gov/MARC21/slim http://www.loc.gov/standards/marcxml/schema/MARC21slim.xsd"
    xmlns="http://www.loc.gov/MARC21/slim">

  <leader>00520nam a22001577a 4500</leader>
  <controlfield tag="003">OSt</controlfield>
  <controlfield tag="005">20151118162612.0</controlfield>
  <controlfield tag="008">151118b        xxu||||| |||| 00| 0 eng d</controlfield>
  <datafield tag="040" ind1=" " ind2=" ">
    <subfield code="c">RUA</subfield>
  </datafield>
  <datafield tag="082" ind1=" " ind2=" ">
    <subfield code="a">FIS &#x1798;&#x17B7;&#x178F;&#x17D2;&#x179A; &#x200B;1994 B156 Or.1</subfield>
  </datafield>
  <datafield tag="100" ind1=" " ind2=" ">
    <subfield code="9">3895</subfield>
    <subfield code="a">&#x1798;&#x17B7;&#x178F;&#x17D2;&#x179A; &#x179F;&#x17BB;&#x1781;&#x179F;&#x17BB;&#x1797;&#x1780;&#x17D2;&#x179A;&#x17D0;</subfield>
  </datafield>
  <datafield tag="245" ind1=" " ind2=" ">
    <subfield code="a">&#x179B;&#x1780;&#x17D2;&#x1781;&#x178E;&#x17C8;&#x1787;&#x17B8;&#x179C;&#x179F;&#x17B6;&#x179F;&#x17D2;&#x179A;&#x17D2;&#x178A; &#x1793;&#x17B7;&#x1784;&#x1780;&#x17B6;&#x179A;&#x178A;&#x17B6;&#x17C6;&#x178A;&#x17BB;&#x17C7;&#x178A;&#x17BE;&#x1798;&#x17A2;&#x1789;&#x17D2;&#x1785;&#x17B6;&#x1789;</subfield>
  </datafield>
  <datafield tag="260" ind1=" " ind2=" ">
    <subfield code="a">Phnom Penh</subfield>
    <subfield code="b">RUA</subfield>
    <subfield code="c">1994</subfield>
  </datafield>
  <datafield tag="300" ind1=" " ind2=" ">
    <subfield code="a">67p.</subfield>
    <subfield code="b">ill.</subfield>
    <subfield code="c">29cm.</subfield>
  </datafield>
  <datafield tag="942" ind1=" " ind2=" ">
    <subfield code="2">ddc</subfield>
    <subfield code="c">FIS</subfield>
  </datafield>
  <datafield tag="999" ind1=" " ind2=" ">
    <subfield code="c">3621</subfield>
    <subfield code="d">3621</subfield>
  </datafield>
  <datafield tag="952" ind1=" " ind2=" ">
    <subfield code="0">0</subfield>
    <subfield code="1">0</subfield>
    <subfield code="2">ddc</subfield>
    <subfield code="4">0</subfield>
    <subfield code="6">FIS_&#x1798;&#x17B7;&#x178F;&#x179A;_1994_B156_OR_1_000000000000000</subfield>
    <subfield code="7">0</subfield>
    <subfield code="9">17695</subfield>
    <subfield code="a">LBB</subfield>
    <subfield code="b">LBB</subfield>
    <subfield code="c">B156</subfield>
    <subfield code="d">2015-11-18</subfield>
    <subfield code="o">FIS &#x1798;&#x17B7;&#x178F;&#x17D2;&#x179A; &#x200B;1994 B156 Or.1</subfield>
    <subfield code="p">RUA025502</subfield>
    <subfield code="r">2015-11-18</subfield>
    <subfield code="w">2015-11-18</subfield>
    <subfield code="y">FIS</subfield>
  </datafield>
  <datafield tag="952" ind1=" " ind2=" ">
    <subfield code="0">0</subfield>
    <subfield code="1">0</subfield>
    <subfield code="2">ddc</subfield>
    <subfield code="4">0</subfield>
    <subfield code="6">FIS_&#x1798;&#x17B7;&#x178F;&#x179A;_1994_B156_OR_2_000000000000000</subfield>
    <subfield code="7">0</subfield>
    <subfield code="9">17696</subfield>
    <subfield code="a">LBB</subfield>
    <subfield code="b">LBB</subfield>
    <subfield code="c">B156</subfield>
    <subfield code="d">2015-11-18</subfield>
    <subfield code="o">FIS &#x1798;&#x17B7;&#x178F;&#x17D2;&#x179A; &#x200B;1994 B156 Or.2</subfield>
    <subfield code="p">RUA011624</subfield>
    <subfield code="r">2015-11-18</subfield>
    <subfield code="w">2015-11-18</subfield>
    <subfield code="y">FIS</subfield>
  </datafield>
  <datafield tag="952" ind1=" " ind2=" ">
    <subfield code="0">0</subfield>
    <subfield code="1">0</subfield>
    <subfield code="2">ddc</subfield>
    <subfield code="4">0</subfield>
    <subfield code="6">FIS_&#x1798;&#x17B7;&#x178F;&#x179A;_1994_B156_OR_3_000000000000000</subfield>
    <subfield code="7">0</subfield>
    <subfield code="9">17697</subfield>
    <subfield code="a">LBB</subfield>
    <subfield code="b">LBB</subfield>
    <subfield code="c">B156</subfield>
    <subfield code="d">2015-11-18</subfield>
    <subfield code="o">FIS &#x1798;&#x17B7;&#x178F;&#x17D2;&#x179A; &#x200B;1994 B156 Or.3</subfield>
    <subfield code="p">RUA011696</subfield>
    <subfield code="r">2015-11-18</subfield>
    <subfield code="w">2015-11-18</subfield>
    <subfield code="y">FIS</subfield>
  </datafield>
  <datafield tag="952" ind1=" " ind2=" ">
    <subfield code="0">0</subfield>
    <subfield code="1">0</subfield>
    <subfield code="2">ddc</subfield>
    <subfield code="4">0</subfield>
    <subfield code="6">FIS_&#x1798;&#x17B7;&#x178F;&#x179A;_1994_B156_OR_4_000000000000000</subfield>
    <subfield code="7">0</subfield>
    <subfield code="9">17698</subfield>
    <subfield code="a">LBB</subfield>
    <subfield code="b">LBB</subfield>
    <subfield code="c">B156</subfield>
    <subfield code="d">2015-11-18</subfield>
    <subfield code="o">FIS &#x1798;&#x17B7;&#x178F;&#x17D2;&#x179A; &#x200B;1994 B156 Or.4</subfield>
    <subfield code="p">RUA011621</subfield>
    <subfield code="r">2015-11-18</subfield>
    <subfield code="w">2015-11-18</subfield>
    <subfield code="y">FIS</subfield>
  </datafield>
  <datafield tag="952" ind1=" " ind2=" ">
    <subfield code="0">0</subfield>
    <subfield code="1">0</subfield>
    <subfield code="2">ddc</subfield>
    <subfield code="4">0</subfield>
    <subfield code="6">FIS_&#x1798;&#x17B7;&#x178F;&#x179A;_1994_B156_OR_5_000000000000000</subfield>
    <subfield code="7">0</subfield>
    <subfield code="9">17699</subfield>
    <subfield code="a">LBB</subfield>
    <subfield code="b">LBB</subfield>
    <subfield code="c">B156</subfield>
    <subfield code="d">2015-11-18</subfield>
    <subfield code="o">FIS &#x1798;&#x17B7;&#x178F;&#x17D2;&#x179A; &#x200B;1994 B156 Or.5</subfield>
    <subfield code="p">RUA011631</subfield>
    <subfield code="r">2015-11-18</subfield>
    <subfield code="w">2015-11-18</subfield>
    <subfield code="y">FIS</subfield>
  </datafield>
  <datafield tag="952" ind1=" " ind2=" ">
    <subfield code="0">0</subfield>
    <subfield code="1">0</subfield>
    <subfield code="2">ddc</subfield>
    <subfield code="4">0</subfield>
    <subfield code="6">FIS_&#x1798;&#x17B7;&#x178F;&#x179A;_1994_B156_OR_6_000000000000000</subfield>
    <subfield code="7">0</subfield>
    <subfield code="9">17700</subfield>
    <subfield code="a">LBB</subfield>
    <subfield code="b">LBB</subfield>
    <subfield code="c">B156</subfield>
    <subfield code="d">2015-11-18</subfield>
    <subfield code="o">FIS &#x1798;&#x17B7;&#x178F;&#x17D2;&#x179A; &#x200B;1994 B156 Or.6</subfield>
    <subfield code="p">RUA011773</subfield>
    <subfield code="r">2015-11-18</subfield>
    <subfield code="w">2015-11-18</subfield>
    <subfield code="y">FIS</subfield>
  </datafield>
  <datafield tag="952" ind1=" " ind2=" ">
    <subfield code="0">0</subfield>
    <subfield code="1">0</subfield>
    <subfield code="2">ddc</subfield>
    <subfield code="4">0</subfield>
    <subfield code="6">FIS_&#x1798;&#x17B7;&#x178F;&#x179A;_1994_B156_OR_7_000000000000000</subfield>
    <subfield code="7">0</subfield>
    <subfield code="9">17701</subfield>
    <subfield code="a">LBB</subfield>
    <subfield code="b">LBB</subfield>
    <subfield code="c">B156</subfield>
    <subfield code="d">2015-11-18</subfield>
    <subfield code="o">FIS &#x1798;&#x17B7;&#x178F;&#x17D2;&#x179A; &#x200B;1994 B156 Or.7</subfield>
    <subfield code="p">RUA011550</subfield>
    <subfield code="r">2015-11-18</subfield>
    <subfield code="w">2015-11-18</subfield>
    <subfield code="y">FIS</subfield>
  </datafield>
  <datafield tag="952" ind1=" " ind2=" ">
    <subfield code="0">0</subfield>
    <subfield code="1">0</subfield>
    <subfield code="2">ddc</subfield>
    <subfield code="4">0</subfield>
    <subfield code="6">FIS_&#x1798;&#x17B7;&#x178F;&#x179A;_1994_B156_OR_8_000000000000000</subfield>
    <subfield code="7">0</subfield>
    <subfield code="9">17702</subfield>
    <subfield code="a">LBB</subfield>
    <subfield code="b">LBB</subfield>
    <subfield code="c">B156</subfield>
    <subfield code="d">2015-11-18</subfield>
    <subfield code="o">FIS &#x1798;&#x17B7;&#x178F;&#x17D2;&#x179A; &#x200B;1994 B156 Or.8</subfield>
    <subfield code="p">RUA011912</subfield>
    <subfield code="r">2015-11-18</subfield>
    <subfield code="w">2015-11-18</subfield>
    <subfield code="y">FIS</subfield>
  </datafield>
  <datafield tag="952" ind1=" " ind2=" ">
    <subfield code="0">0</subfield>
    <subfield code="1">0</subfield>
    <subfield code="2">ddc</subfield>
    <subfield code="4">0</subfield>
    <subfield code="6">FIS_&#x1798;&#x17B7;&#x178F;&#x179A;_1994_B156_OR_9_000000000000000</subfield>
    <subfield code="7">0</subfield>
    <subfield code="9">17703</subfield>
    <subfield code="a">LBB</subfield>
    <subfield code="b">LBB</subfield>
    <subfield code="c">B156</subfield>
    <subfield code="d">2015-11-18</subfield>
    <subfield code="o">FIS &#x1798;&#x17B7;&#x178F;&#x17D2;&#x179A; &#x200B;1994 B156 Or.9</subfield>
    <subfield code="p">RUA011552</subfield>
    <subfield code="r">2015-11-18</subfield>
    <subfield code="w">2015-11-18</subfield>
    <subfield code="y">FIS</subfield>
  </datafield>
  <datafield tag="952" ind1=" " ind2=" ">
    <subfield code="0">0</subfield>
    <subfield code="1">0</subfield>
    <subfield code="2">ddc</subfield>
    <subfield code="4">0</subfield>
    <subfield code="6">FIS_&#x1798;&#x17B7;&#x178F;&#x179A;_1994_B156_OR_10_000000000000000</subfield>
    <subfield code="7">0</subfield>
    <subfield code="9">17704</subfield>
    <subfield code="a">LBB</subfield>
    <subfield code="b">LBB</subfield>
    <subfield code="c">B156</subfield>
    <subfield code="d">2015-11-18</subfield>
    <subfield code="o">FIS &#x1798;&#x17B7;&#x178F;&#x17D2;&#x179A; &#x200B;1994 B156 Or.10</subfield>
    <subfield code="p">RUA011485</subfield>
    <subfield code="r">2015-11-18</subfield>
    <subfield code="w">2015-11-18</subfield>
    <subfield code="y">FIS</subfield>
  </datafield>
  <datafield tag="952" ind1=" " ind2=" ">
    <subfield code="0">0</subfield>
    <subfield code="1">0</subfield>
    <subfield code="2">ddc</subfield>
    <subfield code="4">0</subfield>
    <subfield code="6">FIS_&#x1798;&#x17B7;&#x178F;&#x179A;_1994_B156_OR_11_000000000000000</subfield>
    <subfield code="7">0</subfield>
    <subfield code="9">48792</subfield>
    <subfield code="a">LBB</subfield>
    <subfield code="b">LBB</subfield>
    <subfield code="d">2016-08-05</subfield>
    <subfield code="o">FIS &#x1798;&#x17B7;&#x178F;&#x17D2;&#x179A; &#x200B;1994 B156 Or.11</subfield>
    <subfield code="p">RUA059979</subfield>
    <subfield code="r">2016-08-05</subfield>
    <subfield code="w">2016-08-05</subfield>
    <subfield code="y">FIS</subfield>
  </datafield>
</record>
